000
00274nam a22001217a 4500
008
190305b xxu||||| |||| 00| 0 eng d
041
_a
eng
080
_2
2nd
_a
330.722.6
100
_a
61
101
_a
KF
245
_a
Financial Accounting
_c
Spiceland,J.D
942
_2
udc
_c
BK
999
_c
54567
_d
54567